[Event "Berlin op 05"]
[Site "Berlin"]
[Date "2006.05.24"]
[Round "1"]
[White "Runge, Felix"]
[Black "Tuefekci, Baris"]
[Result "1-0"]
[WhiteElo "1897"]
[BlackElo "1001"]
[PlyCount "79"]
[EventDate "2006.05.24"]
[EventType "swiss"]
[EventRounds "7"]
[EventCountry "GER"]
[SourceTitle "EXT 2007"]
[Source "ChessBase"]
[SourceDate "2006.11.23"]
[SourceVersion "1"]
[SourceVersionDate "2006.11.23"]
[SourceQuality "1"]

1. d4 d5 2. Bg5 Bf5 3. e3 Nf6 4. c4 h6 5. Bh4 e6 6. Nc3 Nc6 7. Bxf6 gxf6 8. cxd5 exd5 9. Bd3 Be6 10. Nge2 Bd6 11. Qb3 Nb4 12. Bb1 Be7 13. a3 Nc6 14. Qxb7 Bd7 15. Nxd5 Rb8 16. Qxc7 Qxc7 17. Nxc7+ Kf8 18. b4 Rg8 19. Nd5 Rxg2 20. Ng3 Bh3 21. Nxe7 Nxe7 22. Be4 Rc8 23. Bxg2 Bxg2 24. Rg1 Bf3 25. Kd2 Nd5 26. Rac1 Rxc1 27. Rxc1 Ne7 28. Rc7 Bd5 29. e4 Bb3 30. Rxa7 Be6 31. b5 Bc4 32. a4 Be6 33. d5 Bg4 34. b6 Nc8 35. Ra8 Kg7 36. b7 Bd7 37. Rxc8 Bxc8 38. bxc8Q Kh7 39. Nh5 Kg6 40. Qf5# 1-0

[Event "Berlin op 08"]
[Site "Berlin"]
[Date "2005.09.24"]
[Round "5"]
[White "Tuefekci, Baris"]
[Black "Chernova, Margarita"]
[Result "0-1"]
[WhiteElo "915"]
[BlackElo "1131"]
[PlyCount "78"]
[EventDate "2005.08.27"]
[EventType "swiss"]
[EventRounds "7"]
[EventCountry "GER"]
[SourceTitle "EXT 2007"]
[Source "ChessBase"]
[SourceDate "2006.11.23"]
[SourceVersion "1"]
[SourceVersionDate "2006.11.23"]
[SourceQuality "1"]

1. e4 e5 2. Nf3 Nc6 3. Bc4 Nf6 4. Nc3 Bc5 5. d3 d6 6. Nd5 Nxd5 7. Bxd5 Qf6 8. Bg5 Qg6 9. Qd2 h6 10. Bh4 Qxg2 11. Rg1 Qxf3 12. Qe2 Nd4 13. Qd1 Qxd1+ 14. Kxd1 Nf3 15. Rg4 Bxg4 16. Bg3 Nxh2+ 17. Kc1 Nf3 18. c3 c6 19. Bc4 b5 20. Bb3 Ng5 21. Kc2 a5 22. a3 0-0 23. Rg1 Nh3 24. Rg2 Rfd8 25. Bh4 Bf3 26. Rg3 Bxf2 27. Rxf3 Bxh4 28. Rxh3 Bf6 29. Rh1 d5 30. exd5 cxd5 31. Ba2 Rd6 32. Kd2 Bg5+ 33. Kc2 Rc8 34. Rh5 b4 35. axb4 axb4 36. Kb3 bxc3 37. bxc3 d4 38. cxd4 Rb6+ 39. Ka3 Ra8# 0-1